Planning status report (Record no. 106554)

MARC details
000 -LEADER
fixed length control field 01243cam a2200217 4500
001 - CONTROL NUMBER
control field L136925
008 - FIXED-LENGTH DATA ELEMENTS--GENERAL INFORMATION
fixed length control field 070305s2007 xxk f 000 0 eng d
035 ## - SYSTEM CONTROL NUMBER
System control number (Sirsi) u136925
041 0# - LANGUAGE CODE
Language code of text/sound track or separate title eng
050 04 - LIBRARY OF CONGRESS CALL NUMBER
Classification number 333.72 $2 18
110 2# - MAIN ENTRY--CORPORATE NAME
Corporate name or jurisdiction name as entry element British Wind Energy Association
9 (RLIN) 3338
245 00 - TITLE STATEMENT
Title Planning status report
Remainder of title onshore wind March 2007
Medium [electronic resource]
260 ## - PUBLICATION, DISTRIBUTION, ETC.
Place of publication, distribution, etc. London
Name of publisher, distributor, etc. BWEA
Date of publication, distribution, etc. 2007
520 ## - SUMMARY, ETC.
Summary, etc. Reports on the status of wind energy in the UK. Includes findings that Wind energy in the UK wind industry is now a mature industry capable of delivering rapid growth in clean, carbon free electricity supply; that onshore wind is key to meeting Government?s target for 10% of UK electricity supplies to be sourced from renewable energy by 2010, but that the UK is falling behind on the target, with renewables currently generating just 5% of supply compared to the anticipated 6.7%.
590 ## - LOCAL NOTE (RLIN)
Local note KA
650 24 - SUBJECT ADDED ENTRY--TOPICAL TERM
Topical term or geographic name entry element STERN REVIEW ON THE ECONOMICS OF CLIMATE CHANGE
651 #4 - SUBJECT ADDED ENTRY--GEOGRAPHIC NAME
Geographic name United Kingdom
Chronological subdivision
690 ## - LOCAL SUBJECT ADDED ENTRY--TOPICAL TERM (OCLC, RLIN)
Topical term or geographic name as entry element ENVIRONMENTAL AND LAND CONSULTANCY-ENERGY-RENEWABLE ENERGY
856 40 - ELECTRONIC LOCATION AND ACCESS
Uniform Resource Identifier <a href="https://www.britishwindenergy.co.uk/media/news/070302.html">https://www.britishwindenergy.co.uk/media/news/070302.html</a>
Public note View the report free of charge online at www.britishwindenergy.co.uk...
942 ## - ADDED ENTRY ELEMENTS (KOHA)
Suppress in OPAC 0
Holdings
Withdrawn status Lost status Source of classification or shelving scheme Damaged status Not for loan Home library Current library Shelving location Date acquired Total Checkouts Full call number Barcode Date last seen Copy number Price effective from Koha item type
    Dewey Decimal Classification     Virtual Virtual Online 05/03/2007   ONLINE PUBLICATION 136925-1001 06/08/2019 1 06/08/2019 Book